Glass Animals lyrics - Statistics

General Stats
  • This quiz has been taken 313 times
  • The average score is 15 of 25
Answer Stats
Lyrics Answer % Correct
'pineapples are in my head' pork soda
93%
'my my simple sir' gooey
82%
'gonna be a hoop phenomenon' the other side of paradise
81%
'i'm gonna sleep cause you live in my daydreams' take a slice
71%
'northern camden's own flash gordon' life itself
69%
'you got friends on repeat, on repeat, on repeat' tangerine
68%
'i'm a man, i'm a twisted fool' toes
67%
'with a cookie as a coaster' season 2 episode 3
66%
'dance with me, and shake your bones' black mambo
65%
'get loose streetfighter, tear it up' tokyo drifting
64%
'a genius of love and loneliness' agnes
62%
'i settle up into a world of noise' pools
61%
'your life is back to front' youth
60%
'i'll be waiting in your favourite cheshire grin' mama's gun
59%
'slick like 007, you fly like kim jong rockets' cane shuga
58%
'come on you hermit, why don't you play nice?' cocoa hooves
56%
'i'm fucking loco, i can't get through to you' hazey
56%
'dead flowers in the sand' poplar street
53%
'i sold your rope for a bucket of lemon peel' wyrd
51%
'i gotta make my little foal take his own' flip
50%
'i clap my hands and they're gone into the night' walla walla
49%
'big dick and no soul' premade sandwiches
40%
'wake up with a hatchet over your head' exxus
32%
'his cellophane mask fills up with smoke' golden antlers
32%
'yellow nails from pinching fags' dust in your pocket
24%
No matching quizzes found
Score Distribution
Percent of People with Each Score
Percentile by Number Answered
Your Score History
You have not taken this quiz